Word Ladder: The Wisdom of Norman Bates Quiz Stats

 Plays Quiz Updated Jul 2, 2018

Challenge
Share
Tweet
Embed
Score 0/36 Timer 04:00
0 Plays Today
Hint 3-Letter Word % Correct
Golf ball holderTEE
97%
Oolong, chamomile, or Earl Grey, e.g.TEA
96.8%
Set a candle aflameLIT
96.3%
Constrictor snake or feathery stoleBOA
96.1%
'Maude' and 'Golden Girls' actress ArthurBEA
95.8%
It's between Mon. and Wed.TUE.
95.8%
Wager, gambleBET
95.7%
Total amount from adding numbersSUM
95.2%
Female parent (informal; typically British)MUM
95%
End game with score evenTIE
95%
Beer brewed from malted barley ALE
94.9%
Mixed dirt and waterMUD
94.7%
Metal mouthpiece for horseBIT
94.7%
'___ the season to be jolly . . .''TIS
94.4%
1940 film : '___ We Meet Again''TIL
94.3%
The whole of one's possessionsALL
94%
Angry, furiousMAD
93.8%
With Aviv second most populous city in IsraelTEL
93.3%
Hint 3-Letter Word % Correct
Institute legal proceedings for redressSUE
92.8%
Group of articles for sale at auctionLOT
92.8%
Obtained, acquiredGOT
92.6%
Suffer bad healthAIL
91.9%
Industrious insectANT
90.6%
Smallest state in IndiaGOA
90.1%
Ann Pratchett novel: '___ Canto'BEL
89%
Plural present of 'be'ARE
87.9%
Green Day drummer CoolTRÉ
85.9%
'Star Trek: TNG' actor WheatonWIL
85.8%
Paramedic, for shortEMT
80.4%
Unit of thickness equal to 1⁄1000 inch MIL
80.3%
Tolkein's tree-like beingENT
78.9%
Firefly's Captain ReynoldsMAL
77.9%
LPGA golfer MichelleWIE
67.6%
Brazilian 3-toed slothsAIS
56.9%
Little islandAIT
56.9%
Typographical units of measurementEMS
50.8%

Today's Daily Dose

You're not logged in!

Compare scores with friends on all Sporcle quizzes.
Join for Free
OR
Log In

You Might Also Like...

Show Comments

Extras

Top Quizzes Today


Score Distribution

Your Account Isn't Verified!

In order to create a playlist on Sporcle, you need to verify the email address you used during registration. Go to your Sporcle Settings to finish the process.

Report this User

Report this user for behavior that violates our Community Guidelines.

Details: